00285nam a2200121Ia 4500008004100000041000800041082001200049100001600061245002400077260003100101300002400132365000700156240624s9999 xx 000 0 und d aeng a823 FOL aFOLLETT KEN aLIE DOWN WITH LIONS c1998aNew DelhibPan Books a485 : p. : cm. ; 17 cRS